• 首页
  • 本馆介绍
  • 公告通知
  • 最新文献
  • 馆藏检索
  • 电子资源
  • 读者导购
  • 参考咨询
  • 我的图书馆
  • 登录
  • 详细信息显示
  • 放入我的书架
  • 预约/预借图书
  • 作者相关作品
  • 分类相关作品
  • 丛书相关作品
  • 出版社相关作品

书目信息

  • 表格格式
  • 工作单格式
  • 卡片格式
题名:
中国京剧脸谱
    
 
作者: 赵梦林 编绘
分册:  
出版信息: 北京   朝华出版社  2003
页数: 168页
开本: 28cm
丛书名:
单 册:
中图分类: K821.5 , J821.5
科图分类:
主题词: 京剧--脸谱 , 戏剧--艺术--中国
电子资源:
ISBN: 7-5054-0779-1
000 01438nam0 2200397 450
000 01401nam0 2200385 450
000 01341nam0 2200361 450
000 01304nam0 2200349 450
000 01267nam0 2200337 450
000 01231nam0 2200325 450
000 01197nam0 2200325 450
000 01143nam0 2200301 450
000 01139nam0 2200289 450
000 01102nam0 2200277 45
001 002314625
005 20061216090129.29
010    @a7-5054-0779-1@dCNY68.00
100    @a20060829d2003 em y0chiy0110 ea
101 0  @achi
102    @aCN@b110000
105    @aa z 000yy
200 1  @a中国京剧脸谱@Azhong guo jing ju lian pu@f赵梦林编绘@FZhao Meng Lin Bian Hui
210    @a北京@c朝华出版社@d2003
215    @a168页@d28cm
330    @a本书收入京剧脸谱568幅,人物造型图40余幅,均侧重于常用脸谱和造型,包括传统勾法与新编历史剧中的脸谱,基本上按剧目内容、人物所处的历史年代排列,对于一些象形的脸谱,特别编排在一起,也酌情选了一些有特色和一定欣赏价值,但不常用的脸谱。
333    @a读者对象:京剧爱好者。
510 1  @aFacial Makeup in Beijing Opera of China@zeng
606 0  @a京剧@x脸谱
606 0  @a戏剧@x艺术@x中国
690    @aK821.5@v4
690    @aJ821.5@v3
701  0 @a赵梦林@Azhao meng lin@f(1952~)@4编绘
801  0 @aCN@b中图数据@c20061216
905    @a10447@dJ821.5@e87
    
    中国京剧脸谱/赵梦林编绘.-北京:朝华出版社,2003
    168页;28cm
    使用对象:读者对象:京剧爱好者。
    
    ISBN 7-5054-0779-1:CNY68.00
    本书收入京剧脸谱568幅,人物造型图40余幅,均侧重于常用脸谱和造型,包括传统勾法与新编历史剧中的脸谱,基本上按剧目内容、人物所处的历史年代排列,对于一些象形的脸谱,特别编排在一起,也酌情选了一些有特色和一定欣赏价值,但不常用的脸谱。
●
相关链接 在E读中查询图书 在五车中查询图书 在当当中查询图书 在豆瓣中查询图书


正题名:中国京剧脸谱     索取号:J821.5/87         预约/预借

序号 登录号 条形码 馆藏地/架位号 状态 备注
1 0607826   206078260   第一样本阅览室/ [索取号:J821.5/87] 在馆    
2 0607827   206078279   第一借阅区/ [索取号:J821.5/87] 在馆    
3 0607828   206078288   第一借阅区/ [索取号:J821.5/87] 在馆    
唐山师范学院图书馆 欢迎您!
大连网信软件有限公司© 版权所有